000 00368 a2200169 4500
001 190677
020 _a970-85-01-07836-0
040 _cMagnum
100 _aCornwell, Bernard
240 1 0 _aA presa de sharpe
_lpor
245 1 0 _aA presa de sharpe
300 _a334
362 0 _a2007
440 1 _aRecord
697 _aLITERATURA GERAL ESTRANGEIRA
942 _cBK
999 _c190677
_d190677